[Event "EIRCC 2019"]
[Site "Tallinn"]
[Date "2019.12.06"]
[Round "11.34"]
[White "Gretarsson, Helgi Ass"]
[Black "Rocha, Sergio"]
[Result "0-1"]
[WhiteElo "2421"]
[BlackElo "2249"]
[Annotator "TA"]
[PlyCount "112"]
[EventDate "2019.12.05"]
[EventType "swiss"]
[EventCountry "EST"]
[SourceTitle "playchess.com"]
[Source "ChessBase"]
[SourceQuality "1"]

{[%evp 9,132,62,73,37,90,38,72,10,28,-10,0,-1,0,3,31,0,0,0,29,44,31,25,45,43,80,87,64,79,70,15,32,-54,0,-40,-30,-33,-33,-36,-17,-12,-9,-29,0,0,-13,-71,-24,-39,-25,-51,-54,-34,-45,-58,-35,-44,-22,-66,-20,-58,-51,-52,-57,-118,-115,-122,-115,-120,-118,-118,-120,-123,-117,-130,-141,-139,-57,-164,-141,-160,-147,-163,-148,-166,-153,-297,-162,-223,-210,-293,-287,-204,-312,-431,-427,-647,-352,-330,-349,-332,-342,-336,-328,-285,-210,-192,-138,-206,-176,-217,-228,-29968,-29969,-29984,-29985,-29985,-29986,-29986,-29987,-29989,-29990,-29995,-29996,-29996,-1266]} 1. d4 d6 2. Nf3 Bg4 3. e4 Nd7 4. h3 Bh5 5. Be3 (5. Nc3 c6 6. Qe2 e5 7. g4 Bg6 8. Bg2 Be7 9. h4 h6 10. Bd2 Ngf6 11. Bh3 Qb6 12. dxe5 dxe5 {1-0 (30) Riazantsev,A (2671)-Plat,V (2532) Tallinn 2016}) 5... Ngf6 6. Nc3 {A41: 1 d4 d6: Tartakower System and Modern Defence} e5 (6... e6 $14) 7. Be2 (7. Qd3 $16) 7... Be7 $14 8. Nd2 (8. dxe5 $16 dxe5 9. Qd3) 8... Bg6 $11 9. f4 exf4 $1 10. Bxf4 O-O 11. O-O $36 {[%mdl 2048] White has good play.} a6 $146 ({Predecessor:} 11... Re8 12. Bf3 {1-0 (35) Beinoras,M (2331)-Narmontas,R (2105) Plunge 2011}) 12. a4 c5 13. d5 Ne5 14. Bxe5 dxe5 15. Bd3 Nh5 16. Nc4 Bg5 17. a5 Ng3 18. Rf2 Bf4 19. Qe1 (19. d6 $14) 19... Qg5 $1 20. Ne2 (20. d6 $14) 20... Nxe2+ (20... Bxe4 $15 21. Nxf4 exf4 22. Bxe4 Rae8 23. Bxh7+ Kxh7) 21. Qxe2 Qg3 {[#]} 22. Rxf4 $1 {[%mdl 512]} Qxf4 (22... exf4 23. Rf1) 23. Rf1 Qg5 24. Qf2 Rac8 25. Nb6 Rc7 26. d6 Rc6 27. d7 (27. Nd7 $1 $11) 27... Qe7 28. Bc4 Rd8 29. Qe3 {[#]} Rxb6 $1 {[%mdl 512]} 30. axb6 Rxd7 31. Bd5 Qd6 32. Qb3 c4 33. Qe3 Kf8 34. c3 f6 $1 35. Bxc4 Bf7 36. Bxf7 (36. Be2 $1 $15) 36... Kxf7 $15 {[%mdl 4096] Endgame KQR-KQR} 37. Kh2 Qd3 38. Qe1 Qb5 39. Qf2 Rd6 40. Qf3 h6 ({Reject} 40... Rxb6 $6 41. Qh5+ Kf8 42. Rd1 $11) 41. b4 Qxb6 42. Qh5+ Kf8 ({Better is} 42... Kg8 $17 43. Rd1 Rxd1 44. Qxd1 Qc6) 43. Qg4 ({White should play} 43. Qxe5 $1 $15 Re6 44. Qf4) 43... Qd8 $19 44. Qh5 Qe8 45. Qf5 Qe6 46. Qf2 Qc4 47. Qf3 (47. Qe1 $17) 47... Kg8 (47... Rd3 $142 48. Qg4 Qxc3) 48. Rf2 (48. Re1 {was necessary.}) 48... Qd3 49. Qh5 Qxe4 ({But not} 49... Qxc3 50. Rf3 $19) 50. Qe8+ Kh7 51. Qe7 Rd3 52. c4 (52. Qf7 $142 Qh4 53. Rf1) 52... Qg6 {( -> ...Qg3+)} 53. Rf1 Rd2 {[%csl Gd2][%cal Rg6g2]} 54. Qxb7 e4 {[%csl Gd2][%cal Rg6g2]} 55. Rg1 f5 {Threatens to win with ...f4.} 56. Qc7 Rf2 {Played: Rd2-c2} 0-1

[Event "EIRCC 2019"]
[Site "Tallinn"]
[Date "2019.12.06"]
[Round "11.35"]
[White "Van Foreest, Lucas"]
[Black "Haitin, Ilja"]
[Result "1-0"]
[WhiteElo "2399"]
[BlackElo "2232"]
[Annotator "NA"]
[PlyCount "25"]
[EventDate "2019.12.05"]
[EventType "swiss"]
[EventCountry "EST"]
[SourceTitle "playchess.com"]
[Source "ChessBase"]
[SourceQuality "1"]
[TimeControl "900+10"]

1. e4 {[%emt 0:00:00]} d5 {[%emt 0:00:00]} 2. exd5 {[%emt 0:00:01]} Qxd5 {[%emt 0:00:01]} 3. Nc3 {[%emt 0:00:00]} Qd6 {[%emt 0:00:00]} 4. d4 {[%emt 0:00:00]} Nf6 {[%emt 0:00:00]} 5. Nf3 {[%emt 0:00:00]} c6 {[%emt 0:00:00]} 6. Bc4 {[%emt 0:00:00]} Bf5 {[%emt 0:00:15]} 7. Ne5 {[%emt 0:00:05]} Bg6 {[%emt 0:00:45]} 8. Bf4 {[%emt 0:00:18]} Qb4 {[%emt 0:00:55]} 9. a3 {[%emt 0:00:28]} Qxb2 {[%emt 0:01:30]} 10. Na4 {[%emt 0:00:04]} Qxc2 {[%emt 0:00:13]} 11. Bxf7+ {[%emt 0:00:11]} Kd8 {[%emt 0:00:18]} 12. Bxg6 {[%emt 0:00:03]} Qxd1+ {[%emt 0:00:10]} 13. Rxd1 {[%emt 0:00:04]} 1-0

[Event "EIRCC 2019"]
[Site "Tallinn"]
[Date "2019.12.06"]
[Round "11.36"]
[White "Khakimov, Timur"]
[Black "Kourousis, Epaminondas"]
[Result "1/2-1/2"]
[WhiteElo "2253"]
[BlackElo "2392"]
[Annotator "NA"]
[PlyCount "97"]
[EventDate "2019.12.05"]
[EventType "swiss"]
[EventCountry "EST"]
[SourceTitle "playchess.com"]
[Source "ChessBase"]
[SourceQuality "1"]
[TimeControl "900+10"]

1. d4 {[%emt 0:00:00]} Nf6 {[%emt 0:00:00]} 2. Bg5 {[%emt 0:00:00]} e6 {[%emt 0:00:13]} 3. Nf3 {[%emt 0:00:00]} c5 {[%emt 0:00:03]} 4. e3 {[%emt 0:00:00]} b6 {[%emt 0:00:08]} 5. d5 {[%emt 0:00:09]} h6 {[%emt 0:00:10]} 6. Bxf6 {[%emt 0:00:03]} Qxf6 {[%emt 0:00:03]} 7. Nc3 {[%emt 0:00:04]} a6 {[%emt 0:00:20]} 8. a4 {[%emt 0:00:03]} Qd8 {[%emt 0:02:41]} 9. e4 {[%emt 0:00:08]} d6 {[%emt 0:01:37]} 10. dxe6 {[%emt 0:00:06]} Bxe6 {[%emt 0:00:08]} 11. Nd5 {[%emt 0:00:01]} Be7 {[%emt 0:01:35]} 12. Bc4 {[%emt 0:00:18]} O-O {[%emt 0:00:42]} 13. O-O {[%emt 0:00:03]} Nd7 {[%emt 0:00:56]} 14. Qd3 {[%emt 0:00:05]} Nf6 {[%emt 0:00:49]} 15. Rad1 {[%emt 0:01:05]} Nxd5 {[%emt 0:00:42]} 16. Bxd5 {[%emt 0:00:02]} Bxd5 {[%emt 0:00:16]} 17. Qxd5 {[%emt 0:00:11]} Qc7 {[%emt 0:01:40]} 18. Rfe1 {[%emt 0:01:17]} Rfd8 {[%emt 0:00:56]} 19. c3 {[%emt 0:01:30]} Bf6 {[%emt 0:01:22]} 20. g3 {[%emt 0:01:19]} b5 {[%emt 0:00:12]} 21. Ra1 {[%emt 0:04:24]} b4 {[%emt 0:00:41]} 22. cxb4 {[%emt 0:00:02]} Bxb2 {[%emt 0:00:07]} 23. Rab1 {[%emt 0:00:18]} Bf6 {[%emt 0:00:41]} 24. b5 {[%emt 0:00:05]} axb5 {[%emt 0:00:05]} 25. axb5 {[%emt 0:00:01]} Rab8 {[%emt 0:00:56]} 26. Nd2 {[%emt 0:00:35]} Bc3 {[%emt 0:00:13]} 27. Red1 {[%emt 0:00:01]} Bxd2 {[%emt 0:00:09]} 28. Rxd2 {[%emt 0:00:02]} Re8 {[%emt 0:00:17]} 29. Qc4 {[%emt 0:02:05]} Rb6 {[%emt 0:00:27]} 30. Rd5 {[%emt 0:00:01]} Qb7 {[%emt 0:00:42]} 31. Rb3 {[%emt 0:01:31]} Rb8 {[%emt 0:00:37]} 32. e5 {[%emt 0:00:13]} Rxb5 {[%emt 0:00:15]} 33. Rxb5 {[%emt 0:00:01]} Qxb5 {[%emt 0:00:01]} 34. Qxb5 {[%emt 0:00:03]} Rxb5 {[%emt 0:00:00]} 35. exd6 {[%emt 0:00:01]} Rb8 36. Rxc5 {[%emt 0:00:09]} Rd8 {[%emt 0:00:21]} 37. Rc6 {[%emt 0:02:07]} f6 {[%emt 0:00:01]} 38. Kg2 {[%emt 0:00:07]} Kf7 {[%emt 0:00:01]} 39. Rc7+ {[%emt 0:00:07]} Kf8 {[%emt 0:00:04]} 40. Rc6 {[%emt 0:00:24]} Kf7 {[%emt 0:00:00]} 41. Kf3 {[%emt 0:00:01]} Ke6 {[%emt 0:00:14]} 42. Rc7 {[%emt 0:00:27]} Rd7 {[%emt 0:00:45]} 43. Kf4 {[%emt 0:00:41]} Kxd6 {[%emt 0:00:16]} 44. Rxd7+ {[%emt 0:00:12]} Kxd7 {[%emt 0:00:01]} 45. Kf5 {[%emt 0:00:02]} Ke7 {[%emt 0:00:02]} 46. Kg6 {[%emt 0:00:02]} Kf8 {[%emt 0:00:02]} 47. g4 {[%emt 0:00:30]} Kg8 {[%emt 0:00:03]} 48. h4 {[%emt 0:00:06]} Kf8 {[%emt 0:00:06]} 49. g5 {[%emt 0:00:37]} 1/2-1/2

[Event "EIRCC 2019"]
[Site "Tallinn"]
[Date "2019.12.06"]
[Round "12.1"]
[White "Motylev, Alexander"]
[Black "Mamedov, Rauf"]
[Result "1/2-1/2"]
[WhiteElo "2703"]
[BlackElo "2679"]
[Annotator "TA"]
[PlyCount "64"]
[EventDate "2019.12.05"]
[EventType "swiss"]
[EventCountry "EST"]
[SourceTitle "playchess.com"]
[Source "ChessBase"]
[SourceQuality "1"]

{[%evp 9,64,-2,-7,0,7,-15,-15,-18,-16,-38,-12,-27,-23,-36,-32,-32,-28,-32,-20,-37,-23,-33,-27,-38,-38,-45,-7,0,0,-8,-2,-19,0,0,7,0,28,21,51,0,3,0,0,0,0,-14,-23,-35,0,0,0,0,0,0,0,0,0]} 1. e4 c5 2. Nc3 Nc6 3. Bb5 Nd4 4. Bc4 a6 5. Nf3 b5 6. Bd5 {B23: Closed Sicilian: Lines without g3} (6. Bd3 Nc6 7. O-O g6 8. a4 b4 9. Nd5 Bg7 10. c3 e6 11. Re1 Nge7 12. Nxe7 Qxe7 {1-0 (41) Grischuk,A (2772)-Mamedov,R (2709) Huaian 2017}) 6... Rb8 {White must now prevent ...e6.} 7. Nxd4 (7. d3 {is more complex.} e6 8. Bb3 Nxb3 9. axb3 d6 10. d4) 7... cxd4 8. Ne2 Nf6 9. Nxd4 $146 ({Predecessor:} 9. Bb3 Nxe4 10. Nxd4 {0-1 (111) Dimitrov,R (2530)-Mamedov,R (2650) Konya 2019}) 9... e6 10. Bb3 Nxe4 11. c3 Bb7 12. O-O Bd6 13. Qh5 Nf6 14. Qe2 Qc7 15. h3 O-O 16. Nf3 {[%cal Bd4f3,Bf3e5,Be5g4,Bg4e3][%mdl 32]} Nd5 17. d4 Bf4 18. Bxd5 Bxd5 19. Bxf4 Qxf4 20. Ne5 Rb7 21. Rfe1 d6 22. Ng4 Rc8 23. Ne3 Be4 24. f3 (24. d5 $5) 24... Bg6 25. a4 h6 26. axb5 axb5 27. Qd2 d5 28. b4 Rbc7 (28... Qc7 $5 {[%cal Rc7c3]} 29. Rec1 Ra7 30. Rxa7 Qxa7 $11) 29. Ra3 {The position is equal.} Bh5 30. Re2 Rc6 31. Nd1 Qg3 32. Qe3 Bg6 {Accuracy: White = 66%, Black = 65%.} 1/2-1/2

[Event "EIRCC 2019"]
[Site "Tallinn"]
[Date "2019.12.06"]
[Round "12.2"]
[White "Kulaots, Kaido"]
[Black "Riazantsev, Alexander"]
[Result "0-1"]
[WhiteElo "2544"]
[BlackElo "2594"]
[Annotator "ChessBase"]
[PlyCount "62"]
[EventDate "2019.12.05"]
[EventType "swiss"]
[EventCountry "EST"]
[SourceTitle "playchess.com"]
[Source "ChessBase"]
[SourceQuality "1"]
[TimeControl "900+10"]

1. e4 {[%emt 0:00:00]} c6 {[%emt 0:00:00]} 2. d4 {[%emt 0:00:00]} d5 {[%emt 0:00:00]} 3. e5 {[%emt 0:00:01]} c5 {[%emt 0:00:00]} 4. c4 {[%emt 0:00:14]} cxd4 {[%emt 0:00:11]} 5. Nf3 {[%emt 0:00:06]} e6 {[%emt 0:00:04]} 6. Nxd4 {[%emt 0:00:15]} a6 {[%emt 0:00:01]} 7. Nc3 {[%emt 0:02:39]} Ne7 {[%emt 0:00:01]} 8. Be3 {[%emt 0:04:17]} Nbc6 {[%emt 0:00:01]} 9. Nxc6 {[%emt 0:00:43]} bxc6 {[%emt 0:00:02]} 10. Bc5 {[%emt 0:00:45]} Ng6 {[%emt 0:03:27]} 11. Bxf8 {[%emt 0:00:03]} Rxf8 {[%emt 0:01:30]} 12. Qa4 {[%emt 0:01:10]} Bd7 {[%emt 0:01:34]} 13. O-O-O {[%emt 0:00:07]} Qg5+ {[%emt 0:00:40]} 14. Kb1 {[%emt 0:00:20]} Nxe5 {[%emt 0:00:34]} 15. Ka1 {[%emt 0:02:00]} Qf4 {[%emt 0:00:57]} 16. f3 {[%emt 0:00:01]} f6 {[%emt 0:01:48]} 17. Be2 {[%emt 0:00:04]} Qe3 {[%emt 0:02:37]} 18. Rhe1 {[%emt 0:01:01]} Rb8 {[%emt 0:00:00]} 19. Qc2 {[%emt 0:00:29]} Kf7 {[%emt 0:00:45]} 20. g3 {[%emt 0:01:00]} Nxf3 {[%emt 0:00:45]} 21. Rf1 {[%emt 0:01:46]} Nd4 {[%emt 0:00:18]} 22. Qxh7 {[%emt 0:00:42]} Nxe2 {[%emt 0:00:30]} 23. Qh5+ {[%emt 0:00:14]} Kg8 {[%emt 0:00:19]} 24. Nxe2 {[%emt 0:00:10]} e5 {[%emt 0:01:14]} 25. Nc3 {[%emt 0:00:18]} Be6 {[%emt 0:00:39]} 26. cxd5 {[%emt 0:00:21]} cxd5 {[%emt 0:00:00]} 27. Nxd5 {[%emt 0:00:01]} Bxd5 {[%emt 0:00:05]} 28. Rxd5 {[%emt 0:00:02]} Rxb2 {[%emt 0:00:18]} 29. Rxe5 {[%emt 0:00:41]} Qc3 {[%emt 0:00:34]} 30. Rc5 {[%emt 0:00:15]} Rb1+ {[%emt 0:00:05]} 31. Kxb1 {[%emt 0:00:02]} Rb8+ {[%emt 0:00:01]} 0-1

[Event "EIRCC 2019"]
[Site "Tallinn"]
[Date "2019.12.06"]
[Round "12.3"]
[White "Sargissian, Gabriel"]
[Black "Andriasian, Zaven"]
[Result "1-0"]
[WhiteElo "2715"]
[BlackElo "2633"]
[Annotator "ChessBase"]
[PlyCount "75"]
[EventDate "2019.12.05"]
[EventType "swiss"]
[EventCountry "EST"]
[SourceTitle "playchess.com"]
[Source "ChessBase"]
[SourceQuality "1"]
[TimeControl "900+10"]

1. d4 {[%emt 0:00:00]} d5 {[%emt 0:00:00]} 2. c4 {[%emt 0:00:00]} c6 {[%emt 0:00:00]} 3. Nf3 {[%emt 0:00:00]} Nf6 {[%emt 0:00:00]} 4. e3 {[%emt 0:00:00]} Bg4 {[%emt 0:00:00]} 5. h3 {[%emt 0:00:06]} Bxf3 {[%emt 0:00:00]} 6. Qxf3 {[%emt 0:00:03]} e6 {[%emt 0:00:01]} 7. a3 {[%emt 0:00:06]} Nbd7 {[%emt 0:00:08]} 8. Nc3 {[%emt 0:00:02]} Bd6 {[%emt 0:00:12]} 9. g4 {[%emt 0:00:02]} O-O {[%emt 0:04:30]} 10. g5 {[%emt 0:00:13]} Ne8 {[%emt 0:00:02]} 11. h4 {[%emt 0:00:44]} f5 {[%emt 0:00:27]} 12. Bd2 {[%emt 0:03:27]} Qe7 {[%emt 0:00:21]} 13. O-O-O {[%emt 0:00:54]} Bc7 {[%emt 0:00:46]} 14. Bd3 {[%emt 0:00:51]} Nd6 {[%emt 0:00:12]} 15. Qe2 {[%emt 0:00:26]} dxc4 {[%emt 0:01:31]} 16. Bxc4 {[%emt 0:00:02]} Nxc4 {[%emt 0:00:02]} 17. Qxc4 {[%emt 0:00:01]} Nb6 {[%emt 0:00:09]} 18. Qb3 {[%emt 0:00:10]} Bd6 {[%emt 0:00:34]} 19. f3 {[%emt 0:01:03]} Nd5 {[%emt 0:00:10]} 20. e4 {[%emt 0:00:17]} fxe4 {[%emt 0:01:15]} 21. fxe4 {[%emt 0:00:02]} Nxc3 {[%emt 0:00:21]} 22. Bxc3 {[%emt 0:00:01]} Qd7 {[%emt 0:00:01]} 23. g6 {[%emt 0:01:21]} h6 {[%emt 0:01:12]} 24. Rhf1 {[%emt 0:00:28]} Rxf1 {[%emt 0:01:43]} 25. Rxf1 {[%emt 0:00:01]} Rf8 {[%emt 0:00:01]} 26. Rxf8+ {[%emt 0:00:12]} Bxf8 {[%emt 0:00:24]} 27. Qd1 {[%emt 0:00:33]} Be7 {[%emt 0:00:17]} 28. h5 {[%emt 0:00:24]} Bd6 {[%emt 0:02:45]} 29. Qf3 {[%emt 0:00:16]} Qe8 {[%emt 0:00:19]} 30. d5 {[%emt 0:00:47]} cxd5 {[%emt 0:01:01]} 31. exd5 {[%emt 0:00:04]} e5 {[%emt 0:00:01]} 32. Qf5 {[%emt 0:00:54]} b6 {[%emt 0:00:01]} 33. Kd2 {[%emt 0:00:43]} a5 {[%emt 0:00:10]} 34. a4 {[%emt 0:01:28]} Bc7 {[%emt 0:00:24]} 35. Ke3 {[%emt 0:00:17]} Bd6 {[%emt 0:00:01]} 36. Qe6+ {[%emt 0:00:31]} Qxe6 {[%emt 0:00:28]} 37. dxe6 {[%emt 0:00:02]} Kf8 {[%emt 0:00:04]} 38. Ke4 {[%emt 0:00:06]} 1-0

[Event "EIRCC 2019"]
[Site "Tallinn"]
[Date "2019.12.06"]
[Round "12.4"]
[White "Yuffa, Daniil"]
[Black "Guseinov, Gadir"]
[Result "0-1"]
[WhiteElo "2587"]
[BlackElo "2691"]
[Annotator "ChessBase"]
[PlyCount "98"]
[EventDate "2019.12.05"]
[EventType "swiss"]
[EventCountry "EST"]
[SourceTitle "playchess.com"]
[Source "ChessBase"]
[SourceQuality "1"]
[TimeControl "900+10"]

1. d4 {[%emt 0:00:00]} Nf6 {[%emt 0:00:00]} 2. c4 {[%emt 0:00:00]} g6 {[%emt 0:00:00]} 3. Nc3 {[%emt 0:00:00]} Bg7 {[%emt 0:00:00]} 4. e4 {[%emt 0:00:00]} d6 {[%emt 0:00:05]} 5. Nf3 {[%emt 0:00:00]} O-O {[%emt 0:00:06]} 6. Be2 {[%emt 0:00:01]} c5 {[%emt 0:00:12]} 7. O-O {[%emt 0:00:23]} cxd4 {[%emt 0:00:02]} 8. Nxd4 {[%emt 0:00:01]} Nc6 {[%emt 0:00:01]} 9. Be3 {[%emt 0:00:23]} Bd7 {[%emt 0:00:03]} 10. Qd2 {[%emt 0:00:37]} Nxd4 {[%emt 0:00:08]} 11. Bxd4 {[%emt 0:00:06]} Bc6 {[%emt 0:00:11]} 12. Qc2 {[%emt 0:01:22]} a5 {[%emt 0:00:09]} 13. Rad1 {[%emt 0:00:04]} a4 {[%emt 0:01:00]} 14. c5 {[%emt 0:02:25]} Qa5 {[%emt 0:00:01]} 15. cxd6 {[%emt 0:00:11]} exd6 {[%emt 0:00:01]} 16. a3 {[%emt 0:00:10]} Rac8 {[%emt 0:01:09]} 17. f3 {[%emt 0:01:28]} Rfe8 {[%emt 0:00:06]} 18. Qd2 {[%emt 0:00:12]} d5 {[%emt 0:00:26]} 19. Nxd5 {[%emt 0:00:39]} Qxd2 {[%emt 0:00:26]} 20. Nxf6+ {[%emt 0:00:10]} Bxf6 {[%emt 0:00:13]} 21. Rxd2 {[%emt 0:00:01]} Red8 {[%emt 0:02:33]} 22. Be3 {[%emt 0:02:06]} Rxd2 {[%emt 0:00:07]} 23. Bxd2 {[%emt 0:00:01]} Bxb2 {[%emt 0:01:21]} 24. Bb4 {[%emt 0:00:03]} Bd7 {[%emt 0:01:06]} 25. Rd1 {[%emt 0:01:04]} Be6 {[%emt 0:00:01]} 26. Bb5 {[%emt 0:01:06]} Bb3 {[%emt 0:00:52]} 27. Rd7 {[%emt 0:00:07]} g5 {[%emt 0:00:11]} 28. Rxb7 {[%emt 0:02:09]} h5 {[%emt 0:02:31]} 29. Bd3 {[%emt 0:01:02]} Bd4+ {[%emt 0:02:30]} 30. Kf1 {[%emt 0:00:04]} Rc1+ {[%emt 0:00:01]} 31. Ke2 {[%emt 0:00:01]} Rg1 {[%emt 0:00:02]} 32. Rb8+ {[%emt 0:00:31]} Kg7 {[%emt 0:00:00]} 33. Rd8 {[%emt 0:00:28]} Rxg2+ {[%emt 0:00:15]} 34. Kf1 {[%emt 0:00:26]} Rg1+ {[%emt 0:00:18]} 35. Ke2 {[%emt 0:00:01]} Be5 {[%emt 0:00:30]} 36. Bf8+ {[%emt 0:01:44]} Kf6 {[%emt 0:00:12]} 37. Re8 {[%emt 0:00:10]} Be6 {[%emt 0:00:36]} 38. Be7+ {[%emt 0:00:10]} Kg7 {[%emt 0:00:01]} 39. Kf2 {[%emt 0:00:14]} Bd4+ {[%emt 0:00:23]} 40. Ke2 {[%emt 0:00:01]} Rg2+ {[%emt 0:00:03]} 41. Ke1 {[%emt 0:00:14]} Be5 {[%emt 0:01:52]} 42. Bf8+ {[%emt 0:00:27]} Kh7 {[%emt 0:00:09]} 43. Be7 {[%emt 0:00:28]} h4 {[%emt 0:00:43]} 44. Bd6 {[%emt 0:00:52]} Bc3+ {[%emt 0:00:23]} 45. Kf1 {[%emt 0:00:07]} Rd2 {[%emt 0:00:01]} 46. Be7 {[%emt 0:00:39]} Bh3+ {[%emt 0:00:18]} 47. Ke1 {[%emt 0:00:03]} Rxd3+ {[%emt 0:00:01]} 48. Ke2 {[%emt 0:00:01]} Rd2+ {[%emt 0:00:10]} 49. Ke3 {[%emt 0:00:01]} Rxh2 {[%emt 0:00:04]} 0-1

[Event "EIRCC 2019"]
[Site "Tallinn"]
[Date "2019.12.06"]
[Round "12.5"]
[White "Turov, Maxim"]
[Black "Sipila, Vilka"]
[Result "1-0"]
[WhiteElo "2647"]
[BlackElo "2380"]
[Annotator "TA"]
[PlyCount "77"]
[EventDate "2019.12.05"]
[EventType "swiss"]
[EventCountry "EST"]
[SourceTitle "playchess.com"]
[Source "ChessBase"]
[SourceQuality "1"]

{[%evp 12,77,1,0,14,19,13,0,0,6,24,30,42,29,30,17,25,28,35,35,33,24,45,39,74,39,46,26,36,35,63,66,66,50,77,74,106,104,125,139,369,373,481,482,466,480,510,465,558,552,700,722,927,666,954,844,1900,1749,29984,29985,29990,29985,29990,29991,29990,29986,5419,1596]} 1. d4 d5 2. c4 e6 3. Nc3 c6 4. e3 Nf6 5. Nf3 Nbd7 6. Qc2 Bd6 7. b3 b6 {D45: Semi-Slav: 5 e3} (7... O-O 8. Be2 b6 9. O-O Bb7 10. Bb2 Qe7 11. Rad1 Rad8 12. Rfe1 Rfe8 13. e4 Nxe4 14. Nxe4 dxe4 15. Qxe4 Bb4 16. Rf1 Bd6 17. Bd3 f5 18. Qh4 c5 19. d5 Qxh4 20. Nxh4 g6 21. dxe6 Rxe6 22. Nxf5 gxf5 23. Bxf5 {1-0 (56) Giri,A (2780)-Duda,J (2730) chess.com INT 2019}) 8. Bb2 Bb7 9. Be2 Qe7 {The position is equal.} 10. O-O Ba3 $146 ({Predecessor:} 10... O-O 11. Rad1 Bb4 12. Ne5 Rfd8 13. Nb1 Rac8 14. Nxd7 Rxd7 15. Bd3 Bd6 16. cxd5 cxd5 17. Qe2 Rdc7 18. g3 g6 19. Rc1 {½-½ (19) Lubbe,N (2449)-Abel,D (2465) Erfurt 2018}) 11. Bxa3 Qxa3 12. cxd5 exd5 13. Bd3 O-O 14. Ne5 Qd6 15. Nxd7 Qxd7 16. b4 Rfe8 17. Rab1 Qg4 18. Qe2 Qh4 19. Qf3 Bc8 20. Qg3 Qh6 21. Rfc1 Bd7 22. Ne2 Ng4 23. Qf4 g5 24. Qg3 f5 25. b5 Rf8 $2 {[#]} (25... cxb5 $16 {is a better defense.} 26. Rc7 (26. Bxb5 Bxb5 27. Rxb5 Rac8 $16) 26... Nf6) 26. bxc6 $18 Bxc6 27. h3 Nxf2 28. Qxf2 ({Don't take} 28. Kxf2 Rae8 $18) 28... Rae8 29. Bxf5 Bd7 30. Ng3 Qh4 {and the idea ...Bxf5 leaves Black hopeful.} 31. Qf3 Rf7 32. Rf1 Kg7 33. Kh2 Ref8 34. Qxd5 g4 35. Bxd7 Rf2 36. Qe5+ Kh6 37. Rxf2 Rxf2 38. Qe6+ Kg7 39. Qxg4+ {Accuracy: White = 65%, Black = 15%.} 1-0

[Event "EIRCC 2019"]
[Site "Tallinn"]
[Date "2019.12.06"]
[Round "12.6"]
[White "Lysyj, Igor"]
[Black "Saric, Ante"]
[Result "1-0"]
[WhiteElo "2599"]
[BlackElo "2538"]
[Annotator "ChessBase"]
[PlyCount "107"]
[EventDate "2019.12.05"]
[EventType "swiss"]
[EventCountry "EST"]
[SourceTitle "playchess.com"]
[Source "ChessBase"]
[SourceQuality "1"]
[TimeControl "900+10"]

1. d4 {[%emt 0:00:00]} Nf6 {[%emt 0:00:00]} 2. c4 {[%emt 0:00:00]} e6 {[%emt 0:00:00]} 3. Nf3 {[%emt 0:00:00]} b6 {[%emt 0:00:00]} 4. g3 {[%emt 0:00:00]} Bb7 {[%emt 0:00:00]} 5. Bg2 {[%emt 0:00:00]} Bb4+ {[%emt 0:00:00]} 6. Bd2 {[%emt 0:00:00]} Be7 {[%emt 0:00:00]} 7. O-O {[%emt 0:00:20]} c6 {[%emt 0:00:00]} 8. Nc3 {[%emt 0:00:11]} d5 {[%emt 0:00:00]} 9. Qb3 {[%emt 0:00:08]} O-O {[%emt 0:00:16]} 10. Bf4 {[%emt 0:00:09]} Nbd7 {[%emt 0:00:17]} 11. cxd5 {[%emt 0:00:02]} cxd5 {[%emt 0:03:00]} 12. Rfc1 {[%emt 0:00:03]} Nh5 {[%emt 0:01:33]} 13. Bd2 {[%emt 0:00:10]} Nhf6 {[%emt 0:00:29]} 14. a4 {[%emt 0:00:06]} a6 {[%emt 0:00:31]} 15. a5 {[%emt 0:00:08]} b5 {[%emt 0:00:14]} 16. Na2 {[%emt 0:00:32]} Ne4 {[%emt 0:00:53]} 17. Bb4 {[%emt 0:00:07]} Nd6 {[%emt 0:00:09]} 18. Qa3 {[%emt 0:01:51]} Nb8 {[%emt 0:01:34]} 19. Bc5 {[%emt 0:00:14]} Nc6 {[%emt 0:00:25]} 20. Nb4 {[%emt 0:00:09]} Rc8 {[%emt 0:02:19]} 21. Nxc6 {[%emt 0:00:14]} Rxc6 {[%emt 0:00:48]} 22. Ne5 {[%emt 0:00:22]} Rc8 {[%emt 0:00:34]} 23. e3 {[%emt 0:00:31]} f6 {[%emt 0:00:26]} 24. Nd3 {[%emt 0:00:11]} Rf7 {[%emt 0:00:18]} 25. b3 {[%emt 0:00:24]} Ne4 {[%emt 0:01:14]} 26. Bxe7 {[%emt 0:03:15]} Rxe7 {[%emt 0:00:01]} 27. Rxc8 {[%emt 0:00:34]} Bxc8 {[%emt 0:00:01]} 28. Rc1 {[%emt 0:00:04]} Rc7 {[%emt 0:00:15]} 29. Rxc7 {[%emt 0:02:38]} Qxc7 {[%emt 0:00:01]} 30. Bxe4 {[%emt 0:00:04]} dxe4 {[%emt 0:00:01]} 31. Nc5 {[%emt 0:00:01]} Qc6 {[%emt 0:00:34]} 32. h4 {[%emt 0:00:26]} h6 {[%emt 0:00:12]} 33. Qb2 {[%emt 0:00:28]} e5 {[%emt 0:00:34]} 34. b4 {[%emt 0:00:31]} Qd5 {[%emt 0:00:18]} 35. dxe5 {[%emt 0:00:59]} Qd1+ {[%emt 0:00:29]} 36. Kh2 {[%emt 0:00:07]} fxe5 {[%emt 0:02:04]} 37. Qb3+ {[%emt 0:01:38]} Qxb3 {[%emt 0:00:01]} 38. Nxb3 {[%emt 0:00:01]} Kf7 {[%emt 0:00:08]} 39. Nc5 {[%emt 0:00:02]} Ke7 {[%emt 0:00:08]} 40. Nxe4 {[%emt 0:00:03]} Ke6 {[%emt 0:00:02]} 41. Nc3 {[%emt 0:00:04]} Bb7 {[%emt 0:00:06]} 42. e4 {[%emt 0:00:10]} g5 {[%emt 0:00:08]} 43. f3 {[%emt 0:00:15]} Kf6 {[%emt 0:00:10]} 44. Kg2 {[%emt 0:00:25]} Kg6 {[%emt 0:00:30]} 45. Nd1 {[%emt 0:01:10]} g4 {[%emt 0:00:56]} 46. Nf2 {[%emt 0:00:09]} gxf3+ {[%emt 0:00:26]} 47. Kxf3 {[%emt 0:00:02]} h5 {[%emt 0:00:01]} 48. g4 {[%emt 0:00:17]} hxg4+ {[%emt 0:00:08]} 49. Nxg4 {[%emt 0:00:05]} Kh5 {[%emt 0:00:01]} 50. Nxe5 {[%emt 0:00:03]} Kxh4 {[%emt 0:00:01]} 51. Kf4 {[%emt 0:00:07]} Kh5 {[%emt 0:00:12]} 52. Nd7 {[%emt 0:00:15]} Kg6 {[%emt 0:00:04]} 53. Nc5 {[%emt 0:00:05]} Bc8 {[%emt 0:00:01]} 54. Ke5 {[%emt 0:00:01]} 1-0